000 00214nam a22000857a 4500
008 170203b xxu||||| |||| 00| 0 eng d
100 _92758
_aSimenaura.J.etal.
245 _aSingles The New Anericans
260 _aUSA
_c1983
999 _c5948
_d5948